Score 0/20 Timer 02:00
0 Plays Today
% Correct
→ Happy →
93.2%
Harps
90.9%
Now
89.7%
Bow
87.2%
Lee
85.1%
Bet
83.5%
Harpy
79.7%
Let
78.3%
Parts
77.5%
Bot
73.4%
% Correct
Perks
71.2%
Harts
70.8%
Peaks
70.1%
! Eve !
69.9%
Pears
69.2%
Parks
68.1%
↙ New ↙
64.3%
→ Year's →
61.1%
Eye
51.3%
Lye
50.6%

Today's Daily Dose

Remove Ads.
Support Sporcle.
Get the best of Sporcle when you Go Orange. This ad-free experience offers more features, more stats, and more fun while also helping to support Sporcle. Thank you for becoming a member.

You're not logged in!

Compare scores with friends on all Sporcle quizzes.
OR
Log In

Show Comments

Extras

Top Quizzes Today


Score Distribution

Your Account Isn't Verified!

In order to create a playlist on Sporcle, you need to verify the email address you used during registration. Go to your Sporcle Settings to finish the process.

Report this User

Report this user for behavior that violates our Community Guidelines.

Details: